| 000 | 00890cam a22002895a 4500 | ||
|---|---|---|---|
| 001 | AKK9029SB | ||
| 008 | 710924r19871984enka frb 001 0 eng d | ||
| 020 | _a9780140091311 | ||
| 020 | _a0140091319 | ||
| 040 |
_aDLC _cDLC _beng _dEG-ScBUE |
||
| 082 | 0 | 4 |
_222 _a302.35 _bORG |
| 245 | 0 | 0 |
_aOrganization theory : _bselected readings / _cedited by D. S. Pugh. |
| 250 | _a2nd ed., Reprint ed. | ||
| 260 |
_aMiddlesex : _bPenguin Books, _c1987. |
||
| 300 |
_a447 p. : _bill. ; _c23 cm. |
||
| 490 | 0 | _aPenguin business libraray | |
| 500 | _aReprint of 1984 ed. | ||
| 504 | _aIncludes bibliographical references and index. | ||
| 650 | 7 |
_aOrganization _93175 |
|
| 650 | 7 |
_aManagement. _9553 |
|
| 650 | 7 |
_aOrganizational behavior. _94617 |
|
| 651 | _2BUEsh | ||
| 653 |
_bGGEN _cMarch2018 |
||
| 700 | 1 |
_aPugh, Derek Salman, _eeditor. _912634 |
|
| 942 | _2ddc | ||
| 998 |
_b7/31/1998 _c7/31/1998 |
||
| 999 |
_c26226 _d26198 |
||